Biblioteca

Folleto : Iglesia Evangélica Luterana de Colombia / IELCO (Registro nro. 42488)

Detalles MARC
000 -LÍDER
Campo fijo de descripción fija 002810000a22001330004500
041 0# - CÓDIGO DE IDIOMA
Código de idioma para texto/pista de sonido o título separado
082 04 - NÚMERO DE CLASIFICACIÓN DECIMAL DEWEY
Número de clasificación AV 0155
001 - NÚMERO DE CONTROL
Campo de control 13529
110 1# - ASIENTO PRINCIPAL--NOMBRE CORPORATIVO
Nombre corporativo o de jurisdicción como elemento de entrada IELCO
245 10 - TÍTULO
Título del Material Folleto : Iglesia Evangélica Luterana de Colombia / IELCO
300 ## - DESCRIPCIÓN FÍSICA
Extensión 2 Pag
500 ## - NOTA GENERAL
Nota General Follletos
942 ## - TIPO DE MATERIAL (KOHA)
Tipo de Item KOHA Libros General
Existencias
Estado de Material Estado de Perdido Volumen-Parte/Tomo Estado de Dañado No para Préstamo Colección Tomo Biblioteca de Origen Biblioteca Permanente Fecha de Adquisición Total de Préstamos Signatura Topográfica Código de Barras Última vez visto Ejemplar/Existencia Fecha de Remplazo Tipo de Material
    3     Colección Folletos   Biblioteca FUSBC Biblioteca FUSBC 18/02/2006   AV 0155 15602 12/12/2019 1 26/01/2016 Documentos Archivo Vertical

Biblioteca FUSBC | Teléfono: (57+4) 349 88 10 Ext. 141| WhatsApp (+57) 3005338115 
E-mail: biblioteca@unisbc.edu.co | Calle 76 87-14 Robledo Palenque, Medellín, Colombia

Con tecnología Koha